The adventures of Robin Hood

Bibliographic Details
Format: Book
Published: USA : Ladybird Books LTD , 1995
Series:Classic fables and legends
Subjects:

MARC

LEADER 00000cam a2200000 7i4500
001 0000008141
002 000008881
005 20000330.0
020 |a 0721417582 
090 0 0 |a JF   |b ROB 
245 0 4 |a The adventures of Robin Hood 
260 |a USA :   |b Ladybird Books LTD ,   |c 1995 
300 |a 51p. :   |b ill ;   |c 17cm. 
490 0 |a Classic fables and legends 
650 0 0 |a Children's stories 
999 |a 052382   |b BUKU   |c PINJAMAN   |e PERPUSTAKAAN KOMUNITI CAW KOTA DAMANSARA 
999 |a 052383   |b BUKU   |c PINJAMAN   |e PERPUSTAKAAN KOMUNITI PETALING JAYA 
999 |a 052384   |b BUKU   |c PINJAMAN   |e PERPUSTAKAAN KOMUNITI PETALING JAYA 
999 |a 055596   |b BUKU   |c PINJAMAN   |e PERPUSTAKAAN KOMUNITI CAW KOTA DAMANSARA 
999 |a 055597   |b BUKU   |c PINJAMAN   |e PERPUSTAKAAN KOMUNITI CAW KOTA DAMANSARA